| 000 | 00353nam a22001457a 4500 | ||
|---|---|---|---|
| 003 | SGT | ||
| 020 | _a9781942426455 | ||
| 082 |
_a320.954 _bB20S |
||
| 100 | _aSINGH, BINAY KUMAR | ||
| 245 | _aBLEEDING INDIA: FOUR AGGRESSORS, THOUSANDS CUTS | ||
| 260 |
_bGARUDA PRAKASHAN PVT.LTD _cB20S |
||
| 300 | _a2020 | ||
| 650 | _aSOCIAL SCIENCE | ||
| 942 |
_2ddc _cBK |
||
| 999 |
_c28047 _d28047 |
||